Capoeira 100 : (Record no. 131198)
[ view plain ]
| 000 -LEADER | |
|---|---|
| fixed length control field | 01146cam a22002894a 4500 |
| 001 - CONTROL NUMBER | |
| control field | 14471520 |
| 003 - CONTROL NUMBER IDENTIFIER | |
| control field | ARRUPE |
| 005 - DATE AND TIME OF LATEST TRANSACTION | |
| control field | 20220401100038.0 |
| 008 - FIXED-LENGTH DATA ELEMENTS--GENERAL INFORMATION | |
| fixed length control field | 060728s2006 caua 000 0 eng |
| 010 ## - LIBRARY OF CONGRESS CONTROL NUMBER | |
| LC control number | 2006024337 |
| 020 ## - INTERNATIONAL STANDARD BOOK NUMBER | |
| International Standard Book Number | 9781583941768 (pbk.) |
| 040 ## - CATALOGING SOURCE | |
| Original cataloging agency | DLC |
| Transcribing agency | DLC |
| Modifying agency | DLC |
| 042 ## - AUTHENTICATION CODE | |
| Authentication code | pcc |
| 050 00 - LIBRARY OF CONGRESS CALL NUMBER | |
| Classification number | GV1796.C145 |
| Item number | T387 2006 |
| 082 00 - DEWEY DECIMAL CLASSIFICATION NUMBER | |
| Classification number | 793.31981 |
| Edition number | 22 |
| 300 ## - PHYSICAL DESCRIPTION | |
| Other physical details | col. ill. ; |
| Dimensions | 27 cm. |
| 100 1# - MAIN ENTRY--PERSONAL NAME | |
| Personal name | Taylor, Gerard, |
| Dates associated with a name | 1960- |
| 9 (RLIN) | 51127 |
| 245 10 - TITLE STATEMENT | |
| Title | Capoeira 100 : |
| Remainder of title | an illustrated guide to the essential movements and techniques / |
| Statement of responsibility, etc | Gerard Taylor ; photography by Anders Kjaergaard and Sue Parkhill. |
| 246 3# - VARYING FORM OF TITLE | |
| Title proper/short title | Capoeira one hundred |
| 260 ## - PUBLICATION, DISTRIBUTION, ETC. (IMPRINT) | |
| Place of publication, distribution, etc | Berkeley, Calif. : |
| Name of publisher, distributor, etc | Blue Snake Books, |
| Date of publication, distribution, etc | 2006. |
| 300 ## - PHYSICAL DESCRIPTION | |
| Extent | 302 p. : |
| 650 #0 - SUBJECT ADDED ENTRY--TOPICAL TERM | |
| Topical term or geographic name as entry element | Capoeira (Dance) |
| General subdivision | Training. |
| 9 (RLIN) | 51128 |
| 650 #0 - SUBJECT ADDED ENTRY--TOPICAL TERM | |
| Topical term or geographic name as entry element | Exercise. |
| 9 (RLIN) | 43600 |
| 856 41 - ELECTRONIC LOCATION AND ACCESS | |
| Materials specified | Table of contents only |
| Uniform Resource Identifier | <a href="http://www.loc.gov/catdir/toc/ecip0618/2006024337.html">http://www.loc.gov/catdir/toc/ecip0618/2006024337.html</a> |
| 906 ## - LOCAL DATA ELEMENT F, LDF (RLIN) | |
| a | 7 |
| b | cbc |
| c | orignew |
| d | 1 |
| e | ecip |
| f | 20 |
| g | y-gencatlg |
| 942 ## - ADDED ENTRY ELEMENTS (KOHA) | |
| Source of classification or shelving scheme | Library of Congress Classification |
| Koha item type | Monograph ( Printed materials) |
| Withdrawn status | Lost status | Source of classification or shelving scheme | Damaged status | Not for loan | Collection code | Home library | Current library | Shelving location | Date acquired | Total Checkouts | Full call number | Barcode | Date last seen | Price effective from | Koha item type |
|---|---|---|---|---|---|---|---|---|---|---|---|---|---|---|---|
| Library of Congress Classification | Main Collection | ARRUPE LIBRARY | ARRUPE LIBRARY | Main Collection | 01/04/2022 | GV1796.C145 T387 2006 | 46600008259 | 01/04/2022 | 01/04/2022 | Monograph ( Printed materials) |